000 00440nam a2200181Ia 4500
003 GCL
008 140319s9999 xx 000 0 eng d
040 _aGCL /
_cGCL
082 0 4 _a843
_bJ A
100 1 _aJAPRISOT, SEBASTIEN
245 1 0 _aADIEU L'AMI /
_cJAPRISOT, SEBASTIEN
260 _a[S.N] :
_bFOLIO
300 _a154 P
490 _aCOLLECTION FOLIO
_v0
650 0 4 _aLITERATURE
650 0 4 _aFRENCH LITERATURE
942 _2ddc
_cBK
999 _c21874
_d21874